Igényes koncertet adtak a filharmonikusok

Bibliographic Details
Main Author: Kertész, Renáta (Author)
Format: Article
Language:Hungarian
Slovak
PhysicalDescription:Fotogr.
ISSN:1336-3638
Subjects:

MARC

LEADER 00000nab a2200000 a 4500
001 vtls011533742
003 SK-MaSNL
005 20260318124845.0
008 160309|2016 xo w| 000 0|hun
015 |a SNBRB2016/03 
038 |a DSZK 
040 |a DSZK  |b slo  |c DSZK  |e AACR2 
041 |a hun  |a slo 
044 |a xo  |c SK 
080 |a 785  |2 2001 
100 1 |a Kertész, Renáta  |4 aut  |9 1087779 
245 1 0 |a Igényes koncertet adtak a filharmonikusok  |c Kertész Renáta 
300 |b Fotogr. 
610 2 7 |a Mestské kultúrne stredisko (Dunajská Streda, Slovensko)  |2 dszk  |9 33716 
610 2 7 |a Győri Filharmonikus Zenekar (Győr, Maďarsko)  |2 dszk  |9 1260334 
650 0 7 |a inštrumentálna hudba  |2 SNKPH  |9 3421 
650 0 7 |a koncerty  |2 dszk  |9 19182 
651 7 |a Dunajská Streda (Slovensko)  |2 SNKPH  |9 17375 
651 7 |a Győr (Maďarsko)  |2 SNKPH  |9 24968 
773 0 |t Csallóköz=Žitný ostrov  |g Évf. 56, sz. 6 (2016), o. 5  |x 1336-3638 
852 |a DSZK  |b KIS3GCP 
856 |a http://www.csallokoz.sk 
958 |a SK 
958 |a HU 
999 |c 2252621  |d 2254551